Compact : B2 first

Saved in:
Bibliographic Details
Main Authors May, Peter, 1951 červen 11.- (Author), Treloar, Frances (Author)
Format Book
LanguageEnglish
Published Cambridge : Cambridge University Press ; 2021
EditionThird edition
Subjects
ISBN978-1-108-92188-6
978-1-108-92194-7
Physical Description^^^svazky : ilustrace (převážně barevné) ; 28 cm

Cover

LEADER 00000nam a2200000 i 4500
001 113543
003 CZ-ZlUTB
005 20260513124845.0
007 ta
008 250704s2021 xxka e p 000 0 eng d
020 |a 978-1-108-92188-6  |q (student's book with answers ;  |q brožováno) 
020 |a 978-1-108-92194-7  |q (workbook with answers ;  |q brožováno) 
040 |a ZLD002  |b cze  |e rda 
072 7 |a 811.111  |x Angličtina  |2 Konspekt  |9 11 
072 7 |a 37.016  |x Učební osnovy. Vyučovací předměty. Učebnice  |2 Konspekt  |9 22 
080 |a 811.111  |2 MRF 
080 |a 81’24:37.091.27  |2 MRF 
080 |a (07.063)81  |2 MRF 
080 |a (076.1)  |2 MRF 
100 1 |a May, Peter,  |d 1951 červen 11.-  |7 xx0037292  |4 aut 
245 1 0 |a Compact :  |b B2 first /  |c Peter May 
246 3 |a Cambridge compact 
250 |a Third edition 
264 1 |a Cambridge :  |b Cambridge University Press ;  |c 2021 
300 |a ^^^svazky :  |b ilustrace (převážně barevné) ;  |c 28 cm 
336 |a text  |b txt  |2 rdacontent 
337 |a bez média  |b n  |2 rdamedia 
338 |a svazek  |b nc  |2 rdacarrier 
500 |a Nad názvem: Official Cambridge exam preparation 
500 |a Obsahuje přístupové kódy k audio nahrávkám a k praktickým cvičením 
505 1 |a student's book with answers. 192 stran -- workbook with answers / Frances Treloar. 62 stran 
650 0 7 |a angličtina  |7 ph114056  |2 czenas 
650 0 7 |a jazykové zkoušky  |7 ph466388  |2 czenas 
650 0 7 |a First Certificate in English  |7 ph499651  |2 czenas 
650 0 9 |a English language  |2 eczenas 
650 0 9 |a language examinations  |2 eczenas 
650 0 9 |a First Certificate in English  |2 eczenas 
655 7 |a jazykové učebnice, texty, příručky (B)  |7 fd600891  |2 czenas 
655 7 |a pracovní sešity  |7 fd133116  |2 czenas 
655 9 |a language textbooks, texts, handbooks (B)  |2 eczenas 
655 9 |a activity books  |2 eczenas 
700 1 |a Treloar, Frances  |7 pna2012728586  |4 aut 
910 |a ZLD002 
942 |2 udc 
952 |0 0  |1 0  |4 0  |6 8020COMPACT  |7 0  |8 BOOK  |9 186657  |a UTBZL  |b UTBZL  |c 005  |d 2025-07-04  |h student's book with answers  |l 0  |o 802.0/COMPACT  |p 420010199835  |r 2025-07-04 00:00:00  |v 383.00  |x N:nákup; STAG 2025;  |y 01 
952 |0 0  |1 0  |4 0  |5 0  |6 8020COMPACT  |7 -1  |8 BOOK  |9 191141  |a UTBZL  |b UTBZL  |c 005  |d 2026-05-13  |h workbook with answers  |l 0  |o 802.0/COMPACT  |p 420010201976  |r 2026-05-13 12:50:04  |v 253.00  |w 2026-05-13  |x N:nákup  |y 01 
999 |c 113543  |d 113543